000 00998nam a22002537a 4500
005 20240305165554.0
007 cr|||| ||||
008 201211c20109999pe fr|w s|||| 0|||b1spa d
022 _a2707-1197
035 _a32362
040 _avLex
090 _c10947
_d10947
245 1 0 _aYachaq: Revista de Derecho
_h[Recurso electrónico] /
256 _aServicio en línea
260 _aBarcelona:
_bEditorial vLex,
_c2010 -
300 _a1 recurso electrónico
310 _aSemestral
362 _aNº 1 (Ene. 2010) -
506 1 _aDisponible solo en los productos indicados
_dvLex Global
_dvLex Global (Academic Edition, excluding Law Schools)
_dvLex Global (U.S. Academic Edition, Law Schools)
_dvLex Global (U.S. Academic Edition, excluding Law Schools)
_dvLex Global (Academic Edition, Law Schools)
650 0 4 _aDerecho Internacional
_zPerú
740 0 _avLex Revistas (Servicio en línea)
856 4 0 _uhttps://app.vlex.com/#/sources/yachaq-revista-de-derecho-32362
942 _cRAA
999 _c169183
_d169183